Loreto College Library, Kolkata
WEBOPAC (ONLINE PUBLIC ACCESS CATALOGUE)

A Diplomatic history of Europe since the Congress of Vienna (Record no. 8746)

MARC details
000 -LEADER
fixed length control field 00634nam a2200205Ia 4500
005 - DATE AND TIME OF LATEST TRANSACTION
control field 20230613104829.0
008 - FIXED-LENGTH DATA ELEMENTS--GENERAL INFORMATION
fixed length control field 131103s9999 xx 000 0 und d
040 ## - CATALOGING SOURCE
Original cataloging agency Loreto College
041 ## - LANGUAGE CODE
Language code English
082 ## - DDC | ডিউই
Classification number | বর্গসংখ্যা 940.28
Book Number | গ্রন্থাঙ্ক ALB
100 ## - MAIN ENTRY--PERSONAL NAME | মুখ্য সংলেখ - ব্যাক্তিনাম
Personal name | ব্যাক্তিনাম Albrecht - Carrie,Rene
245 #2 - TITLE STATEMENT | অাখ্যা বিবরণী
Title | অাখ্যা A Diplomatic history of Europe since the Congress of Vienna
Statement of responsibility | লেখকের দায়িত্বের বিবরণ Rene Albert - Carrie
260 ## - IMPRINT | প্রকাশনা ক্ষেত্র
Place of publication | প্রকাশ স্থান London
Name of publisher | প্রকাশকের নাম Methuen & Co.
Date of publication | প্রকাশ কাল 1958
300 ## - PHYSICAL DESCRIPTION |
Page / Vol. No | পৃষ্ঠা / খন্ড সংখ্যা xvi,736 p.
Other physical details | অনান্য বাহ্যিক বিবরণ ill.,maps
504 ## - BIBLIOGRAPHY, ETC. NOTE
Bibliography, etc Includes bibliographical references and index
650 ## - SUBJECT ADDED ENTRY--TOPICAL TERM | বিষয় শিরোনাম - মূল বিষয়
Topical term | মূল বিষয় Modern History - Congress of Vienna
651 ## - SUBJECT ADDED ENTRY--GEOGRAPHIC NAME | বিষয় শিরোনাম - ভৌগলিক নাম
Geographic name | ভৌগলিক বিষয় Europe - Modern History
850 ## - HOLDING INSTITUTION
Holding institution LCLIB
942 ## - ADDED ENTRY ELEMENTS (KOHA)
Koha item type Books
Holdings
Withdrawn status Lost status Source of classification Damaged status Not for loan Home library Current library Date acquired Total Checkouts Full call number Accession No. Date last seen Date checked out Price effective from Koha item type Coded location qualifier
    Dewey Decimal Classification     Loreto College Loreto College 04/11/2013 1 940.28 ALB 1329 B8622 27/08/2018 27/08/2018 04/11/2013 Books